| 000 | 00652nam a22001695i 4500 | ||
|---|---|---|---|
| 001 | 162920 | ||
| 003 | ES-MaACL | ||
| 005 | 20251014063234.0 | ||
| 008 | 010321s1865 sp |||| | spa d | ||
| 040 |
_aCCPB | B _bspa _cCCPB | B |
||
| 100 | 1 |
_aRamírez, Javier de, _dm.1870 _9139856 |
|
| 245 | 1 | 3 |
_aLa caja de Pandora _b: estudios filosóficos, político-satíricos, literarios, artísticos, de costumbres y de viajes / _coriginales de J. de Ramírez. |
| 260 |
_aMadrid : _blibrería de Don Leocadio López, _c1865. |
||
| 300 |
_aVII, 323 p. ; _c18 cm. |
||
| 852 |
_aES-MaACL _jD-3563 _z.- Legado M. de la Fuente |
||
| 999 |
_c162920 _d162920 |
||